000 00840nam a2200229 a 4500
001 22463
003 CO-ViMGA
008 141112s2004 ck r 000 u spa d
020 _a9588205689
040 _aCO-ViMGA
_bspa
_cCO-ViMGA
082 0 4 _a371.26 C373e
100 1 _aCerda Gutierrez, Hugo
245 1 0 _aLa evaluación en la educación colombiana
260 _aBogotá :
_bUniversidad Cooperativa de Colombia,
_c2005
300 _a134
490 _aInvestigación
505 _aIntroducción 11 - - Tendencias mundiales de la evaluacion 19 - - La evaluacion de la educacon en colombia 31
590 _aForma de adquisición : Donación - - Precio : 13.000 - - Fecha de adquisición : 2008
650 1 4 _aEDUCACIóN SUPERIOR - EVALUACIÓN - COLOMBIA
_931851
650 1 4 _aEVALUACIóN EDUCATIVA - COLOMBIA
_931852
942 _2ddc
_cBK
999 _c30769
_d30769